Analýza čínskeho investičného prostredia

Swot analýza čínskeho investičného prostredia. Najväčšie riziko spájajúce sa s investičnými aktivitami - nedostatočná ochrana duševného vlastníctva. Súčasné trendy pôsobiace na priame zahraničné investície. Teritoriálna a sektorová štruktúra prílevu PZI.

Na minha lista:
Detalhes bibliográficos
Autor principal: Zábojník, Stanislav, 1984-
Formato: Capítulo de Livro
Idioma:eslovaco
Assuntos:
Tags: Adicionar Tag
Sem tags, seja o primeiro a adicionar uma tag!

MARC

LEADER 00000nla$a2200000$$$4500
001 0100119
005 20240502072110.8
041 0 |a slo 
044 |a SK 
245 1 0 |a Analýza čínskeho investičného prostredia  |c Stanislav Zábojník 
520 |a Swot analýza čínskeho investičného prostredia. Najväčšie riziko spájajúce sa s investičnými aktivitami - nedostatočná ochrana duševného vlastníctva. Súčasné trendy pôsobiace na priame zahraničné investície. Teritoriálna a sektorová štruktúra prílevu PZI. 
610 2 0 |a investovanie 
610 2 0 |a investície priame zahraničné 
610 2 0 |a podnikanie 
610 2 0 |a spoločnosti nadnárodné 
610 2 0 |a kapitál ľudský 
610 2 0 |a náklady 
610 2 0 |a trh práce 
610 2 0 |a technológie informačné 
610 2 0 |a inovácia 
610 2 0 |a Čína 
100 1 |a Zábojník, Stanislav, 1984-